Central Library OPAC University of Rajshahi

Capital budgeting : (Record no. 16187)

MARC details
000 -LEADER
fixed length control field 00711nam a22002292a 4500
001 - CONTROL NUMBER
control field 16187
003 - CONTROL NUMBER IDENTIFIER
rucl marc code BD-RjUL
005 - DATE AND TIME OF LATEST TRANSACTION
control field 20211208235954.0
008 - FIXED-LENGTH DATA ELEMENTS--GENERAL INFORMATION
fixed length control field 140211s1951 nyua 000 0 eng d
035 ## - SYSTEM CONTROL NUMBER
System control number (BD-RjUL)16242
040 ## - CATALOGING SOURCE
Original cataloging agency DLC
Transcribing agency CSU
Modifying agency OCL
-- UKM
-- EQO
-- BD-RjUL
Language of cataloging eng
041 ## - LANGUAGE CODE
Language code of text/sound track or separate title eng
082 ## - DEWEY DECIMAL CLASSIFICATION NUMBER
Edition number 23
Classification number 658.154
Author mark and year DEC 1962
100 1# - MAIN ENTRY--PERSONAL NAME
Personal name Dean, Joel
Dates associated with a name 1906-1979
9 (RLIN) 50086
245 10 - TITLE STATEMENT
Title Capital budgeting :
Remainder of title top-management policy on plant, equipment, and product development /
Statement of responsibility, etc. Joel Dean
260 ## - PUBLICATION, DISTRIBUTION, ETC. (IMPRINT)
Place of publication, distribution, etc. New York :
Name of publisher, distributor, etc. Columbia University Press,
Date of publication, distribution, etc. 1951, [printing 1962]
300 ## - PHYSICAL DESCRIPTION
Pagination x, 174 p. :
Illustrations diagrs. ;
Size 23 cm
650 #0 - SUBJECT ADDED ENTRY--TOPICAL TERM
Topical term or geographic name as entry element Capital
9 (RLIN) 50087
942 ## - ADDED ENTRY ELEMENTS (KOHA)
Source of classification or shelving scheme Dewey Decimal Classification
Koha item type Books
Holdings
Lost status Source of classification or shelving scheme Damaged status Not for loan Collection code Permanent Location Current Location Shelving location Date acquired Source of acquisition Cost, normal purchase price Total Checkouts Full call number Date last seen Copy number Koha item type
  Dewey Decimal Classification     Non-fiction Central Library, University of Rajshahi Central Library, University of Rajshahi   13/11/1963 Zeitlinger 40.00   658.154 DEC 1962 11/02/2014 C-4 Books
  Dewey Decimal Classification     Non-fiction Central Library, University of Rajshahi Central Library, University of Rajshahi   13/11/1963 zeitlinger 40.00   658.14 DEC 1962 09/05/2019 C-5 Books
  Dewey Decimal Classification     Non-fiction Central Library, University of Rajshahi Central Library, University of Rajshahi   08/12/2021 Zeitlinger 35.00   658.154 DEC 1962 09/05/2019 C-2 Books
  Dewey Decimal Classification     Non-fiction Central Library, University of Rajshahi Central Library, University of Rajshahi   02/05/1963 Zeitlinger 35.00   658.154 DEC 1962 09/05/2019 C-3 Books
  Dewey Decimal Classification   Not For Loan Non-fiction Central Library, University of Rajshahi Central Library, University of Rajshahi Reading Room 23/01/1963 Zeitlinger 35.00   658.154 DEC 1962 09/05/2019 C-1 Books